<?xml version='1.0' encoding='UTF-8'?>
  <record xmlns="http://www.loc.gov/MARC21/slim">
    <leader>00000cam a22000007i 4500</leader>
    <controlfield tag="001">ocm65145975</controlfield>
    <controlfield tag="003">OCoLC</controlfield>
    <controlfield tag="005">20241211071315.3</controlfield>
    <controlfield tag="008">900104s1867    ne            000 0 dut d</controlfield>
    <datafield tag="040" ind1=" " ind2=" ">
      <subfield code="a">NLGGC</subfield>
      <subfield code="b">dut</subfield>
      <subfield code="e">fobidrtb</subfield>
      <subfield code="c">NLGGC</subfield>
      <subfield code="d">OCLCO</subfield>
      <subfield code="d">OCLCL</subfield>
      <subfield code="d">OCLCQ</subfield>
    </datafield>
    <datafield tag="029" ind1="0" ind2=" ">
      <subfield code="a">NLGGC</subfield>
      <subfield code="b">059069724</subfield>
    </datafield>
    <datafield tag="035" ind1=" " ind2=" ">
      <subfield code="a">(OCoLC)65145975</subfield>
    </datafield>
    <datafield tag="100" ind1="1" ind2=" ">
      <subfield code="a">Capadose, A.</subfield>
      <subfield code="q">(Abraham),</subfield>
      <subfield code="d">1795-1874.</subfield>
      <subfield code="1">https://id.oclc.org/worldcat/entity/E39PBJfh9wcwDVcTcH4WhgjV4q</subfield>
    </datafield>
    <datafield tag="245" ind1="1" ind2="3">
      <subfield code="a">De consequente confessioneele of art. 23 in verband met den toestand van het Nederlandsch Hervormd Kerkgenootschap :</subfield>
      <subfield code="b">tweede woord aan leeraren en gemeenten /</subfield>
      <subfield code="c">door A. Capadose.</subfield>
    </datafield>
    <datafield tag="246" ind1="3" ind2=" ">
      <subfield code="a">Mededeelingen aan de Hervormde Gemeente te 's Gravenhage</subfield>
    </datafield>
    <datafield tag="260" ind1=" " ind2=" ">
      <subfield code="a">'s-Gravenhage :</subfield>
      <subfield code="b">Van Golverdinge,</subfield>
      <subfield code="c">1867.</subfield>
    </datafield>
    <datafield tag="300" ind1=" " ind2=" ">
      <subfield code="c">in-8.</subfield>
    </datafield>
    <datafield tag="336" ind1=" " ind2=" ">
      <subfield code="a">tekst</subfield>
      <subfield code="b">txt</subfield>
      <subfield code="2">rdacontent/dut</subfield>
    </datafield>
    <datafield tag="337" ind1=" " ind2=" ">
      <subfield code="a">zonder medium</subfield>
      <subfield code="b">n</subfield>
      <subfield code="2">rdamedia/dut</subfield>
    </datafield>
    <datafield tag="338" ind1=" " ind2=" ">
      <subfield code="a">band</subfield>
      <subfield code="b">nc</subfield>
      <subfield code="2">rdacarrier/dut</subfield>
    </datafield>
    <datafield tag="530" ind1=" " ind2=" ">
      <subfield code="a">Ook beschikbaar in microvorm.</subfield>
    </datafield>
    <datafield tag="700" ind1="1" ind2=" ">
      <subfield code="a">Gunning, J.H.</subfield>
      <subfield code="q">(Johannes Hermanus),</subfield>
      <subfield code="c">jr.,</subfield>
      <subfield code="d">1829-1905.</subfield>
      <subfield code="1">https://id.oclc.org/worldcat/entity/E39PBJjXhFRgDYgc3xyH3tHgrq</subfield>
    </datafield>
    <datafield tag="776" ind1="0" ind2=" ">
      <subfield code="t">De consequente confessioneele of art. 23 in verband met den toestand van het Nederlandsch Hervormd Kerkgenootschap</subfield>
      <subfield code="w">(NL-LeOCL)354279742</subfield>
    </datafield>
    <datafield tag="936" ind1=" " ind2=" ">
      <subfield code="a">BATCHLOAD</subfield>
    </datafield>
  </record>